Music Quiz

Random Music or Rock Quiz

Complete the Band Name... With a Picture Quiz Stats

 Plays Quiz Updated Apr 9, 2018

Score 0/20 Timer 04:00
6 Plays Today
% Correct
Red Hot CHILI Peppers
95.5%
The Smashing PUMPKINS
95.2%
Pearl JAM
92.7%
The BEACH Boys
89.8%
Electric Light ORCHESTRA
89.5%
ALICE In Chains
88.8%
Men Without HATS
87.4%
KINGS of Leon
86%
Pink FLOYD
83.9%
JEFFERSON Airplane
83.6%
% Correct
COUNTING Crows
83.2%
Stone TEMPLE Pilots
81.5%
Spandau BALLET
81%
Huey Lewis
and the NEWS
80.3%
BOWLING for Soup
79.6%
The White STRIPES
78.1%
Grand Funk RAILROAD
75.9%
The Lovin' SPOONFUL
73.4%
DASHBOARD Confessional
71.9%
The Dandy WARHOLS
69.7%

You're not logged in!

Compare scores with friends on all Sporcle quizzes.
OR
Log In

Sporcle TV

Today on Sporcle TV


Watch our educational content, quiz creation guides, and fun videos on Sporcle TV.

Show Comments

Extras

Top Quizzes Today


Score Distribution

Your Account Isn't Verified!

In order to create a playlist on Sporcle, you need to verify the email address you used during registration. Go to your Sporcle Settings to finish the process.

Report this User

Report this user for behavior that violates our Community Guidelines.

Details: